[Event "FIDE Women’s World Rapid Championships 2024"]
[White "Dronavalli, Harika"]
[Black "Zhukova, Natalia"]
[Site "New York, USA"]
[Round "3"]
[Board "10"]
[Result "1-0"]
[Date "2024.12.26"]
[WhiteElo "2416"]
[BlackElo "2242"]
[PlyCount "139"]
[GameId "2127263858782690"]
[EventDate "2024.12.26"]
[EventType "rapid"]
[EventRounds "11"]
[EventCountry "FID"]

1. Nf3 d5 2. e3 Nf6 3. c4 e6 4. Nc3 c5 5. cxd5 exd5 6. d4 Nc6 7. Bb5 cxd4 8. Nxd4 Bd7 9. O-O Bd6 10. Nf3 Be6 11. b3 O-O 12. Bb2 Rc8 13. Ne2 Ne4 14. Ned4 Bd7 15. Rc1 Re8 16. h3 Bc5 17. Bd3 Qe7 18. Bb1 a6 19. Nxc6 Bxc6 20. Nd4 Bd7 21. Qh5 Nf6 22. Qh4 Ba3 23. Rxc8 Rxc8 24. Nf5 Bxf5 25. Bxf5 Rc6 26. Bxf6 Qxf6 27. Qxh7+ Kf8 28. Bd7 Rc7 29. Qh8+ Ke7 30. Qe8+ Kd6 31. Bg4 Qe7 32. Qh8 Bb2 33. Rd1 Bf6 34. Bf3 d4 35. Qh5 Rc5 36. Qg4 Kc7 37. exd4 Rc2 38. Qf4+ Qd6 39. Qe4 Rc6 40. g3 Kb8 41. Qe8+ Rc8 42. Qxf7 Rc7 43. Qe8+ Ka7 44. Qe4 Re7 45. Qg4 Qb4 46. Kg2 Rc7 47. Qe4 Rd7 48. d5 Qa3 49. Qe3+ Kb8 50. Rd2 Qd6 51. Rc2 Re7 52. Qd3 Be5 53. Qf5 Ka7 54. Re2 Bf6 55. Re6 Qd7 56. Qe4 Kb8 57. Bg4 Qd8 58. d6 Rxe6 59. Qxe6 Qb6 60. Qd5 Qd4 61. Qxd4 Bxd4 62. f4 Bc5 63. d7 Kc7 64. Kf3 Be7 65. Ke4 Kd6 66. h4 a5 67. h5 b5 68. Kf5 Kc5 69. Kg6 Kb4 70. Kxg7 1-0

[Event "FIDE Women’s World Rapid Championships 2024"]
[White "Injac, Teodora"]
[Black "Paehtz, Elisabeth"]
[Site "New York, USA"]
[Round "3"]
[Board "11"]
[Result "1/2-1/2"]
[Date "2024.12.26"]
[WhiteElo "2295"]
[BlackElo "2406"]
[PlyCount "84"]
[GameId "2127263858782691"]
[EventDate "2024.12.26"]
[EventType "rapid"]
[EventRounds "11"]
[EventCountry "FID"]

1. d4 Nf6 2. c4 g6 3. Nc3 Bg7 4. g3 O-O 5. Bg2 d6 6. Nf3 c6 7. O-O Bf5 8. Re1 Ne4 9. Qb3 Nxc3 10. bxc3 Bc8 11. e4 Nd7 12. Ba3 Nb6 13. c5 dxc5 14. Bxc5 Re8 15. Ng5 e6 16. h4 Nd7 17. Bd6 h6 18. Nf3 e5 19. Rad1 exd4 20. cxd4 Qb6 21. Qc2 Nf6 22. Ne5 Qd8 23. Bc5 Be6 24. Nc4 Qc7 25. Bb4 Red8 26. a4 Rac8 27. a5 Ne8 28. e5 Qd7 29. Bc5 Ra8 30. Ne3 Nc7 31. Nc4 Nd5 32. Nd6 b6 33. Ba3 b5 34. Rc1 b4 35. Bb2 Ne7 36. Qa4 Rab8 37. Ne4 Bd5 38. Rc5 Qe6 39. Rec1 Bb3 40. Qa1 Bd5 41. Qa4 Bb3 42. Qa1 Bd5 1/2-1/2

[Event "FIDE Women’s World Rapid Championships 2024"]
[White "Skripchenko, Almira"]
[Black "Kashlinskaya, Alina"]
[Site "New York, USA"]
[Round "3"]
[Board "12"]
[Result "1/2-1/2"]
[Date "2024.12.26"]
[WhiteElo "2295"]
[BlackElo "2378"]
[PlyCount "89"]
[GameId "2127263858782692"]
[EventDate "2024.12.26"]
[EventType "rapid"]
[EventRounds "11"]
[EventCountry "FID"]

1. e4 e5 2. Nf3 Nc6 3. Bb5 a6 4. Ba4 Nf6 5. Nc3 Bc5 6. Bxc6 dxc6 7. d3 O-O 8. h3 Re8 9. Qe2 Nd7 10. Be3 Bd6 11. O-O-O c5 12. Nd2 Nf8 13. Nc4 Ne6 14. Nxd6 Qxd6 15. Rdf1 b5 16. Qd2 Bb7 17. f4 exf4 18. Bxf4 Nxf4 19. Rxf4 Rad8 20. Rhf1 Rd7 21. Qf2 Ree7 22. Rf5 c4 23. dxc4 Bxe4 24. Nxe4 Rxe4 25. Rxf7 Rd8 26. c5 Qh6+ 27. Kb1 Ree8 28. Rxc7 Qh5 29. g4 Qe5 30. Qf7+ Kh8 31. a3 h6 32. c6 Rf8 33. Qxf8+ Rxf8 34. Rxf8+ Kh7 35. Rff7 Qe1+ 36. Ka2 Qe6+ 37. b3 Qe4 38. Rf2 a5 39. Rc8 Qe6 40. Rc7 a4 41. Rff7 Qe4 42. Rxg7+ Kh8 43. Rh7+ Kg8 44. Rhg7+ Kh8 45. Rh7+ 1/2-1/2

[Event "FIDE Women’s World Rapid Championships 2024"]
[White "Vaishali, Rameshbabu"]
[Black "Sliwicka, Alicja"]
[Site "New York, USA"]
[Round "3"]
[Board "13"]
[Result "1/2-1/2"]
[Date "2024.12.26"]
[WhiteElo "2355"]
[BlackElo "2206"]
[PlyCount "102"]
[GameId "2127263858782693"]
[EventDate "2024.12.26"]
[EventType "rapid"]
[EventRounds "11"]
[EventCountry "FID"]

1. e4 c5 2. Nf3 Nc6 3. Bb5 g6 4. Bxc6 bxc6 5. d4 Bg7 6. dxc5 Qa5+ 7. Nbd2 Qxc5 8. O-O Nf6 9. h3 e5 10. a3 O-O 11. b4 Qe7 12. Bb2 d6 13. Re1 Be6 14. c4 Nd7 15. Qe2 a5 16. Bc3 a4 17. Rac1 f6 18. Bb2 Rfd8 19. Nf1 Bf8 20. Ne3 Qf7 21. Red1 Nb6 22. b5 c5 23. Nd5 Bxd5 24. exd5 Bh6 25. Rc2 f5 26. Bc1 Bxc1 27. Rcxc1 h6 28. Qd2 Kg7 29. Nh2 Re8 30. Re1 Qf6 31. Nf1 Qh4 32. Qc3 Qd4 33. Red1 Qxc3 34. Rxc3 e4 35. Nd2 Re7 36. Re1 Rae8 37. Rce3 Kf6 38. h4 Nd7 39. f3 exf3 40. Rxe7 Rxe7 41. Rxe7 Kxe7 42. gxf3 g5 43. hxg5 hxg5 44. Kf2 Nb6 45. f4 g4 46. Kg3 Kf6 47. Kh2 Kg6 48. Kg2 Kh5 49. Kg3 Kg6 50. Kf2 Kh6 51. Kg2 Kh5 1/2-1/2

[Event "FIDE Women’s World Rapid Championships 2024"]
[White "Balajayeva, Khanim"]
[Black "Vantika, Agrawal"]
[Site "New York, USA"]
[Round "3"]
[Board "14"]
[Result "1-0"]
[Date "2024.12.26"]
[WhiteElo "2242"]
[BlackElo "2352"]
[PlyCount "121"]
[GameId "2127263858782694"]
[EventDate "2024.12.26"]
[EventType "rapid"]
[EventRounds "11"]
[EventCountry "FID"]

1. e4 e6 2. d4 d5 3. Nc3 Bb4 4. e5 c5 5. a3 Bxc3+ 6. bxc3 Qc7 7. Nf3 Ne7 8. h4 b6 9. h5 h6 10. a4 Ba6 11. Bxa6 Nxa6 12. O-O cxd4 13. cxd4 Rc8 14. Ne1 O-O 15. Ra3 f5 16. Rg3 Kh7 17. c3 Qd7 18. Bd2 Rc4 19. Nd3 Qxa4 20. Qe2 Nc7 21. Nb2 Qb3 22. Nxc4 dxc4 23. Rf3 Ncd5 24. g4 Rc8 25. gxf5 Nxf5 26. Qe4 Rf8 27. Qg4 Kh8 28. Qg6 Nc7 29. Kh1 Qc2 30. Rg1 Qe4 31. Qg4 Qxg4 32. Rxg4 a5 33. d5 Nxd5 34. Rxc4 Ra8 35. Bc1 Nde7 36. Ba3 Rd8 37. Bxe7 Nxe7 38. Rf7 Nd5 39. Rc6 a4 40. Ra7 b5 41. Ra5 Rb8 42. Rc5 Nf4 43. Rcxb5 Rd8 44. Rxa4 Nxh5 45. Rh4 g6 46. Rb6 Rd2 47. Kg2 Kg7 48. Rxe6 Re2 49. Kf1 Rc2 50. c4 Kf7 51. Ra6 Kg7 52. Ra7+ Kf8 53. e6 Ke8 54. Rd4 Rc1+ 55. Ke2 Rb1 56. e7 Rb8 57. Rd6 Nf4+ 58. Kf3 g5 59. Rxh6 Rb3+ 60. Kg4 Rb4 61. Rh8+ 1-0

[Event "FIDE Women’s World Rapid Championships 2024"]
[White "Batsiashvili, Nino"]
[Black "Mamedjarova, Turkan"]
[Site "New York, USA"]
[Round "3"]
[Board "15"]
[Result "1-0"]
[Date "2024.12.26"]
[WhiteElo "2333"]
[BlackElo "2109"]
[PlyCount "95"]
[GameId "2127263858786791"]
[EventDate "2024.12.26"]
[EventType "rapid"]
[EventRounds "11"]
[EventCountry "FID"]

1. d4 d5 2. c4 e6 3. Nc3 Nf6 4. Nf3 c6 5. cxd5 exd5 6. Bf4 Bb4 7. Qc2 Qa5 8. Nd2 O-O 9. e3 Re8 10. Bd3 Nbd7 11. O-O Nf8 12. a3 Bxc3 13. bxc3 Ng6 14. Bg5 Ne4 15. Bxe4 dxe4 16. Bf4 Nxf4 17. exf4 Bf5 18. Nc4 Qc7 19. g3 h5 20. Ne3 Bg4 21. c4 Bf3 22. d5 Rad8 23. Qb3 c5 24. Rfb1 b6 25. a4 Rd6 26. a5 h4 27. axb6 axb6 28. Ra6 hxg3 29. fxg3 Rb8 30. Qa2 Rg6 31. Kf2 Qc8 32. Ke1 Rh6 33. Ra7 Qh3 34. Rb2 Rg6 35. Ra8 Rxa8 36. Qxa8+ Kh7 37. Qd8 Bh5 38. Qh4 Qxh4 39. gxh4 Rf6 40. f5 g6 41. fxg6+ Kxg6 42. Rg2+ Kh7 43. Rg5 Bf3 44. Nf5 Bg4 45. Rg7+ Kh8 46. Rxg4 Rxf5 47. Rxe4 b5 48. d6 1-0

[Event "FIDE Women’s World Rapid Championships 2024"]
[White "Uuriintuya, Uurtsaikh"]
[Black "Munkhzul, Turmunkh"]
[Site "New York, USA"]
[Round "3"]
[Board "16"]
[Result "1/2-1/2"]
[Date "2024.12.26"]
[WhiteElo "2188"]
[BlackElo "2333"]
[PlyCount "93"]
[GameId "2127263858786792"]
[EventDate "2024.12.26"]
[EventType "rapid"]
[EventRounds "11"]
[EventCountry "FID"]

1. e4 e5 2. Nf3 Nf6 3. d4 Nxe4 4. Nxe5 d5 5. Bd3 Nd7 6. Nxd7 Bxd7 7. O-O Bd6 8. c4 O-O 9. c5 Be7 10. Qb3 Bf6 11. Nc3 Nxc3 12. bxc3 Bc6 13. Bb5 Qd7 14. a4 Rfe8 15. Be3 b6 16. cxb6 axb6 17. c4 Ra5 18. Rac1 dxc4 19. Bxc6 Qxc6 20. Rxc4 Qe6 21. Qc2 Bd8 22. Bf4 Rd5 23. h3 h6 24. Bxc7 Bxc7 25. Rxc7 Rxd4 26. Rc6 Rd6 27. Rxd6 Qxd6 28. Rd1 Qf6 29. Qb3 Re2 30. Qg3 g6 31. Rd6 Qa1+ 32. Kh2 Kg7 33. Qf4 Qb2 34. Rd7 Qf6 35. Qxf6+ Kxf6 36. Kg3 Rb2 37. Rd5 Ke6 38. Rd3 h5 39. h4 Rb4 40. Ra3 Rg4+ 41. Kh3 Rf4 42. f3 Rd4 43. a5 bxa5 44. Rxa5 Rd3 45. Kg3 Kf6 46. Rb5 Rd1 47. Ra5 1/2-1/2

[Event "FIDE Women’s World Rapid Championships 2024"]
[White "Lu, Miaoyi"]
[Black "Khamdamova, Afruza"]
[Site "New York, USA"]
[Round "3"]
[Board "17"]
[Result "0-1"]
[Date "2024.12.26"]
[WhiteElo "2317"]
[BlackElo "2188"]
[PlyCount "78"]
[GameId "2127263858786793"]
[EventDate "2024.12.26"]
[EventType "rapid"]
[EventRounds "11"]
[EventCountry "FID"]

1. e4 e5 2. Nf3 Nc6 3. Bc4 Nf6 4. d3 Bc5 5. O-O d6 6. c3 a5 7. Re1 Ba7 8. h3 h6 9. Nbd2 O-O 10. Nf1 Be6 11. Bb5 Ne7 12. Ng3 c6 13. Ba4 Ng6 14. d4 Qc7 15. Bc2 Rfe8 16. Be3 Kh7 17. a4 Bd7 18. Qd2 c5 19. Nf5 Bxf5 20. exf5 Ne7 21. dxe5 dxe5 22. Nh2 Red8 23. Qe2 Ned5 24. Ng4 Re8 25. Nxf6+ Nxf6 26. Qc4 e4 27. Bb3 Re7 28. Rad1 Qe5 29. g4 Rc8 30. Kg2 Bb8 31. Rh1 b6 32. Qe2 g6 33. fxg6+ fxg6 34. h4 Rf8 35. Bc4 h5 36. Bg5 Nxg4 37. Bxe7 Qxe7 38. Rdf1 Qe5 39. Qd1 Rxf2+ 0-1

[Event "FIDE Women’s World Rapid Championships 2024"]
[White "Sultanbek, Zeinep"]
[Black "Guichard, Pauline"]
[Site "New York, USA"]
[Round "3"]
[Board "18"]
[Result "1/2-1/2"]
[Date "2024.12.26"]
[WhiteElo "2001"]
[BlackElo "2316"]
[PlyCount "117"]
[GameId "2127263858786794"]
[EventDate "2024.12.26"]
[EventType "rapid"]
[EventRounds "11"]
[EventCountry "FID"]

1. Nf3 Nf6 2. g3 c5 3. Bg2 Nc6 4. d4 cxd4 5. Nxd4 e5 6. Nxc6 dxc6 7. Qxd8+ Kxd8 8. Nc3 Bf5 9. e4 Be6 10. Bg5 Kc7 11. f4 Bc5 12. h3 Nh5 13. f5 Bc4 14. Bh4 f6 15. Bf3 Bf7 16. Bxh5 Bxh5 17. g4 Bf7 18. Bf2 Bb4 19. O-O Bxc3 20. bxc3 h5 21. Kg2 hxg4 22. hxg4 Bc4 23. Rh1 Rxh1 24. Rxh1 Bxa2 25. Ra1 Bc4 26. Bxa7 Kc8 27. Ra5 Be2 28. Kg3 Bd1 29. Bb6 Ra6 30. Rxa6 bxa6 31. Bc5 a5 32. g5 fxg5 33. Bd6 Bxc2 34. Kf3 Bd1+ 35. Ke3 a4 36. c4 Bb3 37. c5 Bf7 38. Bxe5 g6 39. Bf6 g4 40. Bb2 gxf5 41. exf5 Kb7 42. Kf4 Ka6 43. Kxg4 Kb5 44. Ba3 Kc4 45. Kf4 Kb3 46. Bc1 a3 47. Be3 a2 48. Bd4 Kc4 49. Ke5 Bd5 50. f6 Bf7 51. Ke4 Be8 52. Ke3 Bg6 53. Ba1 Kxc5 54. Kd2 Kb4 55. Kc1 Kb3 56. Kd2 c5 57. Bc3 c4 58. Be5 Bf7 59. Bd4 1/2-1/2

[Event "FIDE Women’s World Rapid Championships 2024"]
[White "Lei, Tingjie"]
[Black "Mungunzul, Bat-Erdene"]
[Site "New York, USA"]
[Round "3"]
[Board "19"]
[Result "1-0"]
[Date "2024.12.26"]
[WhiteElo "2518"]
[BlackElo "2281"]
[PlyCount "85"]
[GameId "2127263858790891"]
[EventDate "2024.12.26"]
[EventType "rapid"]
[EventRounds "11"]
[EventCountry "FID"]

1. e4 e5 2. Nf3 Nc6 3. Bc4 Bc5 4. d3 Nf6 5. Nc3 d6 6. a3 h6 7. h3 a6 8. Be3 Ba7 9. Qd2 Be6 10. b4 Bxe3 11. Qxe3 O-O 12. O-O Re8 13. Bxe6 Rxe6 14. Nd5 Ne7 15. Nxf6+ Rxf6 16. c4 a5 17. Rfd1 Ng6 18. g3 Re6 19. d4 exd4 20. Nxd4 Re8 21. Rac1 axb4 22. axb4 Qf6 23. Nb5 Re7 24. Kg2 Ne5 25. Rd2 Qg6 26. Nd4 Ra4 27. Nf5 Re8 28. c5 dxc5 29. Qxc5 Nc6 30. b5 Raxe4 31. bxc6 b6 32. Qd5 R4e5 33. Qd7 Qxf5 34. Qxc7 Re1 35. Rc4 Qb1 36. Qd7 g6 37. c7 Rg1+ 38. Kf3 Re5 39. c8=Q+ Kg7 40. Qxf7+ Kxf7 41. Rc7+ Re7 42. Rxe7+ Kxe7 43. Rd7+ 1-0

[Event "FIDE Women’s World Rapid Championships 2024"]
[White "Kosteniuk, Alexandra"]
[Black "Toncheva, Nadya"]
[Site "New York, USA"]
[Round "3"]
[Board "20"]
[Result "1-0"]
[Date "2024.12.26"]
[WhiteElo "2486"]
[BlackElo "2283"]
[PlyCount "75"]
[GameId "2127263858790892"]
[EventDate "2024.12.26"]
[EventType "rapid"]
[EventRounds "11"]
[EventCountry "FID"]

1. e4 c5 2. d4 cxd4 3. Qxd4 Nc6 4. Qd3 g6 5. Nc3 Bg7 6. Nf3 d6 7. Be2 Nf6 8. O-O O-O 9. Nd5 Nxd5 10. exd5 Bf5 11. Qd1 Nb4 12. c3 Nc2 13. g4 Nxa1 14. gxf5 Qa5 15. Bg5 Qxa2 16. Qxa1 Qxd5 17. fxg6 hxg6 18. Qa4 a6 19. Qh4 e5 20. Rd1 Qe6 21. Bc4 Qf5 22. Bd5 Rfe8 23. Be4 Qd7 24. Be3 Rac8 25. Bd5 b5 26. Ng5 Re7 27. Ne4 Kf8 28. Bg5 Ree8 29. Nf6 Qf5 30. Nxe8 Rxe8 31. Bc6 Rc8 32. Rxd6 Qb1+ 33. Kg2 Qxb2 34. Qh3 Rb8 35. Qd7 Kg8 36. Bd5 Rf8 37. Be7 Qc1 38. Rxg6 1-0

[Event "FIDE Women’s World Rapid Championships 2024"]
[White "Assaubayeva, Bibisara"]
[Black "Pourkashiyan, Atousa"]
[Site "New York, USA"]
[Round "3"]
[Board "21"]
[Result "1-0"]
[Date "2024.12.26"]
[WhiteElo "2444"]
[BlackElo "2277"]
[PlyCount "95"]
[GameId "2127263858790893"]
[EventDate "2024.12.26"]
[EventType "rapid"]
[EventRounds "11"]
[EventCountry "FID"]

1. c4 e6 2. g3 d5 3. Nf3 Nf6 4. Bg2 dxc4 5. Qa4+ Nbd7 6. Qxc4 c5 7. O-O a6 8. Qc2 Be7 9. d4 O-O 10. Rd1 Nd5 11. e4 Nb4 12. Qe2 cxd4 13. Nxd4 Bc5 14. Nb3 Qe7 15. Nc3 Ba7 16. Bf4 e5 17. Nd5 Nxd5 18. exd5 Qd6 19. Be3 Nf6 20. Bxa7 Rxa7 21. Qe3 b6 22. Rac1 Rc7 23. Rxc7 Qxc7 24. Rc1 Qb8 25. Rc6 e4 26. Qd4 Bb7 27. Rxb6 Nxd5 28. Rxb7 Qxb7 29. Nc5 Qc6 30. Bxe4 Rd8 31. b4 Rd6 32. a4 g6 33. b5 axb5 34. axb5 Nb6 35. Qe5 Qc7 36. Kg2 Qb8 37. Nb7 Rd8 38. Qf6 Rf8 39. Qxb6 h5 40. h4 Qe5 41. Bc6 f5 42. Qc5 Qf6 43. Qc4+ Kh8 44. Nc5 Qb2 45. Ne6 Rf6 46. Qd5 f4 47. Qd8+ Kh7 48. Qe7+ 1-0

[Event "FIDE Women’s World Rapid Championships 2024"]
[White "Priyanka, Nutakki"]
[Black "Dzagnidze, Nana"]
[Site "New York, USA"]
[Round "3"]
[Board "22"]
[Result "1-0"]
[Date "2024.12.26"]
[WhiteElo "2256"]
[BlackElo "2436"]
[PlyCount "77"]
[GameId "2127263858790894"]
[EventDate "2024.12.26"]
[EventType "rapid"]
[EventRounds "11"]
[EventCountry "FID"]

1. Nf3 Nf6 2. b3 c5 3. e3 g6 4. Bb2 Bg7 5. d4 b6 6. Be2 O-O 7. O-O Bb7 8. c4 cxd4 9. Nxd4 d5 10. Nd2 e5 11. N4f3 e4 12. Nd4 Nbd7 13. cxd5 Bxd5 14. Rc1 Nc5 15. b4 Ne6 16. Nc6 Qe8 17. b5 Nc5 18. Nb4 Bb7 19. Nb3 Rd8 20. Qc2 Rc8 21. Nxc5 bxc5 22. Na6 c4 23. Bxc4 Ng4 24. Bxg7 Kxg7 25. h3 Ne5 26. Qb2 Kg8 27. Be2 Qe7 28. Rxc8 Rxc8 29. Rc1 Rxc1+ 30. Qxc1 Nd3 31. Qc3 Qd6 32. Nc7 Kf8 33. Qh8+ Ke7 34. Qe8+ Kf6 35. Qb8 Qb6 36. Qd8+ Kg7 37. Qe7 Qa5 38. Ne6+ Kh6 39. Qh4# 1-0

[Event "FIDE Women’s World Rapid Championships 2024"]
[White "Maltsevskaya, Aleksandra"]
[Black "Zhao, Xue"]
[Site "New York, USA"]
[Round "3"]
[Board "23"]
[Result "1-0"]
[Date "2024.12.26"]
[WhiteElo "2269"]
[BlackElo "2433"]
[PlyCount "131"]
[GameId "2127263858794991"]
[EventDate "2024.12.26"]
[EventType "rapid"]
[EventRounds "11"]
[EventCountry "FID"]

1. e4 d5 2. exd5 Qxd5 3. Nc3 Qa5 4. Nf3 Nf6 5. g3 g6 6. Bg2 Bg7 7. O-O O-O 8. Re1 Nc6 9. d4 Rd8 10. Bf4 Bg4 11. h3 Bxf3 12. Qxf3 Rxd4 13. Qe2 Rd7 14. Qc4 Qb4 15. Qb3 Rb8 16. Rad1 Qxb3 17. axb3 Rxd1 18. Rxd1 e5 19. Be3 a6 20. Bxc6 bxc6 21. Bg5 Ne8 22. Ne4 h6 23. Be7 Ra8 24. Nc5 a5 25. Kg2 h5 26. Ra1 f6 27. Rd1 Rc8 28. Nb7 Kf7 29. Bc5 Ra8 30. Nd8+ Kg8 31. Nxc6 Ra6 32. Nb8 Ra8 33. Rd8 Kf7 34. Nc6 Ra6 35. Nb8 Ra8 36. Ba3 Bh6 37. Rd7+ Kg8 38. Nc6 Bf8 39. Bxf8 Kxf8 40. Kf3 a4 41. bxa4 Rxa4 42. Nd8 Ra6 43. b3 Rb6 44. Ke2 Rd6 45. Rxd6 cxd6 46. c4 Ke7 47. Nc6+ Kd7 48. Nb4 Nc7 49. Kd3 Ke6 50. Nc2 Na6 51. b4 Kd7 52. Kc3 g5 53. Ne3 Ke6 54. g4 h4 55. Nd5 f5 56. Ne3 fxg4 57. Nxg4 Kf5 58. c5 dxc5 59. b5 Nc7 60. Kc4 Nxb5 61. Kxb5 Kf4 62. Kxc5 Kf3 63. Kd5 Kg2 64. Kxe5 Kxh3 65. Kf5 Kg2 66. Kxg5 1-0

[Event "FIDE Women’s World Rapid Championships 2024"]
[White "Koneru, Humpy"]
[Black "Melia, Salome"]
[Site "New York, USA"]
[Round "3"]
[Board "24"]
[Result "1-0"]
[Date "2024.12.26"]
[WhiteElo "2431"]
[BlackElo "2252"]
[PlyCount "119"]
[GameId "2127263858794992"]
[EventDate "2024.12.26"]
[EventType "rapid"]
[EventRounds "11"]
[EventCountry "FID"]

1. Nf3 d5 2. e3 Nf6 3. c4 e6 4. b3 c5 5. Bb2 Nc6 6. cxd5 exd5 7. Bb5 Bd7 8. O-O Be7 9. d4 cxd4 10. Nxd4 O-O 11. Be2 Ne4 12. Nd2 Bb4 13. Nxc6 Bxc6 14. Nf3 Nc3 15. Qc2 Nxe2+ 16. Qxe2 Qe7 17. Ne5 Bd6 18. Nxc6 bxc6 19. Rac1 Rac8 20. Rfd1 Rfd8 21. Qg4 Be5 22. Bxe5 Qxe5 23. Qa4 Qc7 24. Rc5 Rd6 25. Rdc1 Rh6 26. h3 Qd7 27. b4 Rg6 28. Kf1 d4 29. Rd1 d3 30. b5 cxb5 31. Qxb5 Qe6 32. Rxc8+ Qxc8 33. Qxd3 h6 34. Qd8+ Qxd8 35. Rxd8+ Kh7 36. Rd7 Ra6 37. Rxf7 Rxa2 38. g4 Kg6 39. Rb7 Kf6 40. Kg2 a5 41. Ra7 a4 42. Kg3 a3 43. f4 Ra1 44. e4 Rg1+ 45. Kf2 Ra1 46. e5+ Kg6 47. f5+ Kg5 48. Kg3 Rg1+ 49. Kh2 Ra1 50. Kg3 Rg1+ 51. Kf3 Rf1+ 52. Ke2 Ra1 53. e6 Ra2+ 54. Kf3 Ra1 55. Rxg7+ Kh4 56. Ra7 Kxh3 57. e7 Re1 58. f6 Re6 59. Rxa3 Kh4 60. f7 1-0

[Event "FIDE Women’s World Rapid Championships 2024"]
[White "Balabayeva, Xeniya"]
[Black "Muzychuk, Mariya"]
[Site "New York, USA"]
[Round "3"]
[Board "25"]
[Result "1/2-1/2"]
[Date "2024.12.26"]
[WhiteElo "2247"]
[BlackElo "2422"]
[PlyCount "110"]
[GameId "2127263858794993"]
[EventDate "2024.12.26"]
[EventType "rapid"]
[EventRounds "11"]
[EventCountry "FID"]

1. d4 d5 2. Nf3 Nf6 3. Bf4 Bf5 4. e3 e6 5. c3 Bd6 6. Bd3 O-O 7. O-O Ne4 8. h3 c5 9. dxc5 Bxc5 10. Qe2 Nc6 11. Rd1 Qe7 12. c4 Nb4 13. cxd5 Nxd5 14. Bxe4 Bxe4 15. Be5 Rfd8 16. Nc3 Nxc3 17. Bxc3 h6 18. Qc4 Bxf3 19. gxf3 e5 20. Qe4 f6 21. b4 Bb6 22. a4 Rac8 23. Be1 a6 24. f4 Rc6 25. fxe5 fxe5 26. Rxd8+ Qxd8 27. b5 Qg5+ 28. Kf1 Rf6 29. Rc1 Qxe3 30. Rc8+ Kf7 31. Rc7+ Kf8 32. Qxe3 Bxe3 33. Rxb7 axb5 34. Rxb5 Bd4 35. Ke2 Rc6 36. Kd3 Kf7 37. f4 Ke6 38. a5 Rc1 39. Bd2 Ra1 40. Bb4 Rd1+ 41. Ke4 Rb1 42. fxe5 Bf2 43. a6 Rb3 44. h4 g5 45. hxg5 hxg5 46. Rb7 Re3+ 47. Kd4 Rxe5+ 48. Kc4 g4 49. a7 Bxa7 50. Rxa7 Re4+ 51. Kc3 Ke5 52. Rf7 Kd5 53. Bf8 Re3+ 54. Kd2 Rf3 55. Rxf3 gxf3 1/2-1/2

[Event "FIDE Women’s World Rapid Championships 2024"]
[White "Cori T., Deysi"]
[Black "Khotenashvili, Bella"]
[Site "New York, USA"]
[Round "3"]
[Board "26"]
[Result "1-0"]
[Date "2024.12.26"]
[WhiteElo "2243"]
[BlackElo "2394"]
[PlyCount "79"]
[GameId "2127263858794994"]
[EventDate "2024.12.26"]
[EventType "rapid"]
[EventRounds "11"]
[EventCountry "FID"]

1. d4 Nf6 2. Bg5 g6 3. h4 Bg7 4. Nc3 c5 5. dxc5 Qa5 6. Qd2 Qxc5 7. e4 Nc6 8. f3 d6 9. Nge2 Ne5 10. Bxf6 exf6 11. Nd5 Be6 12. b4 Qc8 13. Nef4 Bd7 14. h5 Qd8 15. h6 Bf8 16. Qd4 b5 17. a4 bxa4 18. c4 a6 19. Nb6 Rb8 20. Nxd7 Qxd7 21. Nd5 Be7 22. f4 Nc6 23. Qc3 Rf8 24. Rxa4 f5 25. Rxa6 fxe4 26. b5 Nd8 27. Qa5 Nb7 28. Qb6 Bd8 29. Qa7 Rc8 30. Be2 f5 31. Rh3 Rf7 32. Nb6 Bxb6 33. Rxb6 Nc5 34. Qa1 Ke7 35. Ra3 Rc7 36. Rb8 Ne6 37. b6 Qc6 38. bxc7 Nxc7 39. Qd4 Kd7 40. Rb6 1-0

[Event "FIDE Women’s World Rapid Championships 2024"]
[White "Krush, Irina"]
[Black "Kairbekova, Amina"]
[Site "New York, USA"]
[Round "3"]
[Board "27"]
[Result "0-1"]
[Date "2024.12.26"]
[WhiteElo "2382"]
[BlackElo "2256"]
[PlyCount "52"]
[GameId "2127263858794995"]
[EventDate "2024.12.26"]
[EventType "rapid"]
[EventRounds "11"]
[EventCountry "FID"]

1. d4 Nf6 2. c4 g6 3. Nc3 Bg7 4. e4 d6 5. h3 O-O 6. Be3 a5 7. g4 a4 8. g5 Ne8 9. Nxa4 c5 10. Nf3 cxd4 11. Nxd4 Nc6 12. Nc3 Qa5 13. h4 Qb4 14. Nxc6 bxc6 15. Qd2 f5 16. gxf6 Nxf6 17. f3 Nh5 18. Kf2 Bg4 19. Be2 Rxf3+ 20. Bxf3 Rf8 21. Rhf1 Bxf3 22. Ke1 Be5 23. Ne2 Qxc4 24. Bd4 Ng3 25. Rxf3 Rxf3 26. Bf2 Nxe4 0-1

[Event "FIDE Women’s World Rapid Championships 2024"]
[White "Mou, Iris"]
[Black "Tsolakidou, Stavroula"]
[Site "New York, USA"]
[Round "3"]
[Board "28"]
[Result "1/2-1/2"]
[Date "2024.12.26"]
[WhiteElo "2226"]
[BlackElo "2381"]
[PlyCount "98"]
[GameId "2127263858799092"]
[EventDate "2024.12.26"]
[EventType "rapid"]
[EventRounds "11"]
[EventCountry "FID"]

1. e4 c5 2. Be2 Nc6 3. f4 d5 4. d3 g6 5. Nf3 Bg7 6. O-O e6 7. c3 Nge7 8. Be3 b6 9. Bf2 O-O 10. Bh4 Qd7 11. Na3 Bb7 12. Nc2 Rae8 13. Ne3 d4 14. Ng4 f5 15. Nge5 Nxe5 16. Nxe5 Bxe5 17. fxe5 fxe4 18. dxe4 Bxe4 19. cxd4 Nf5 20. dxc5 Qxd1 21. Raxd1 Nxh4 22. Rxf8+ Rxf8 23. Rd4 Bxg2 24. Rxh4 Bd5 25. cxb6 axb6 26. Bc4 Rc8 27. Bxd5 exd5 28. Rb4 Rc6 29. Kf2 Kf7 30. Ke3 Ke6 31. Kd4 g5 32. b3 h5 33. Rb5 g4 34. Rxd5 Rc2 35. Rd6+ Ke7 36. Rxb6 Rxa2 37. Kd5 Rd2+ 38. Ke4 Rxh2 39. Rb7+ Ke6 40. Rb6+ Kd7 41. Rb7+ Ke6 42. Rb6+ Kf7 43. Rb7+ Kg6 44. Rb8 Re2+ 45. Kf4 Rf2+ 46. Ke4 Re2+ 47. Kf4 Rf2+ 48. Ke4 Kf7 49. Rb7+ Kg6 1/2-1/2

[Event "FIDE Women’s World Rapid Championships 2024"]
[White "Bulmaga, Irina"]
[Black "Agrest, Inna"]
[Site "New York, USA"]
[Round "3"]
[Board "29"]
[Result "1-0"]
[Date "2024.12.26"]
[WhiteElo "2378"]
[BlackElo "2248"]
[PlyCount "83"]
[GameId "2127263858799093"]
[EventDate "2024.12.26"]
[EventType "rapid"]
[EventRounds "11"]
[EventCountry "FID"]

1. e4 e5 2. Nf3 Nc6 3. d4 exd4 4. Nxd4 Nf6 5. Nxc6 bxc6 6. Bd3 Bc5 7. O-O O-O 8. e5 Nd5 9. c4 Nb4 10. Be4 d5 11. exd6 Bxd6 12. h3 Be6 13. a3 Na6 14. Qc2 Qh4 15. Bxc6 Rad8 16. Nd2 Nc5 17. Ne4 Nxe4 18. Bxe4 Bxh3 19. g3 Qh5 20. Bg2 Bf5 21. Qc3 Rfe8 22. Be3 Be5 23. Qc1 Bd3 24. Re1 Qg4 25. Bxa7 h5 26. Re3 h4 27. Qe1 f6 28. f4 hxg3 29. fxe5 Rxe5 30. Rxe5 fxe5 31. Qxe5 Qh4 32. Qe6+ Kh8 33. Qh3 Qxh3 34. Bxh3 Bxc4 35. Be3 Rd3 36. Bf1 Rxe3 37. Bxc4 Re4 38. b3 g5 39. a4 c5 40. a5 Re7 41. a6 Ra7 42. Bd5 1-0

[Event "FIDE Women’s World Rapid Championships 2024"]
[White "Heinemann, Josefine"]
[Black "Khademalsharieh, Sarasadat"]
[Site "New York, USA"]
[Round "3"]
[Board "30"]
[Result "1/2-1/2"]
[Date "2024.12.26"]
[WhiteElo "2218"]
[BlackElo "2359"]
[PlyCount "72"]
[GameId "2127263858799094"]
[EventDate "2024.12.26"]
[EventType "rapid"]
[EventRounds "11"]
[EventCountry "FID"]

1. e4 e5 2. Nf3 Nc6 3. Bb5 a6 4. Ba4 Nge7 5. O-O Ng6 6. d4 exd4 7. Nxd4 Bc5 8. Be3 Bxd4 9. Bxd4 Nxd4 10. Qxd4 O-O 11. f4 Qe7 12. c3 d6 13. Bc2 f5 14. exf5 Bxf5 15. Bxf5 Rxf5 16. g3 c5 17. Qd3 Raf8 18. Nd2 d5 19. Rae1 Qf7 20. Nf3 h6 21. Qe3 Qc7 22. Rd1 Kh7 23. Qd3 Qb6 24. Qc2 Kg8 25. Kg2 Qc6 26. Kg1 R5f6 27. Qd2 Rf5 28. Qd3 Qa4 29. a3 Qb3 30. Rd2 Qb6 31. Qe3 Qc6 32. Re1 R5f6 33. Red1 Rf5 34. Re1 R5f6 35. Red1 Rf5 36. Re1 R5f6 1/2-1/2